CEJM - Thème 4 - Numérique - Statistiques

Statistiques générales
  • Ce quiz a été pris 48 fois
  • Le résultat moyen est 30 sur 245
Statistiques - réponses
Indice Réponse % Correct
Phénomène décrivant une base de donnée géante big data
84%
Les données sont stockées sur des ... serveurs
72%
Que signifie l'acronyme "TIC" technologies de l'information et de la communication
56%
Entreprise vendant ses produits/services exclusivement en ligne pure-player
50%
relation commerciale entre professionnels B2B
47%
relation commerciale entre professionnel et particulier B2C
47%
relation commerciale entre un professionnel et l’État B2G
44%
relation commerciale entre particuliers C2C
44%
Nouvelle entreprise connaissant une forte croissance et se reposant sur les nouvelles technologies start-up
44%
Citez les 3 piliers de l'économie numérique : économique
41%
Citez les 3 piliers de l'économie numérique : social
34%
Citez les 3 piliers de l'économie numérique : technologique
34%
Un smartphone, un ordinateur, une tablette, une montre connectée, sont des : devices
31%
On les accepte pour qu'ils récoltent nos données les cookies
31%
Ils ont vécu l'arrivée du numérique les millennials
31%
Plateforme d'achat et de vente entre professionnels et particuliers marketplace ou place de marché
31%
Que signifie l'acronyme RGPD ? Règlement Général sur la Protection des Données
31%
Top 3 de ce dernier en France Amazon
28%
Fait de supprimer des intermédiaires, dû à l'arrivée du numérique désintermédiation
28%
Modèle économique basé sur le partage, l'échange ou la mutualisation de biens, de services ou de connaissances entre particuliers, facilité par des plateformes numériques économie collaborative
28%
Quelle autorité administrative française veille a la protection des données personnelles ? la CNIL
28%
Fait inverse réintermédiation
28%
Il gère les réseaux sociaux d'une marque community manager
25%
Les données doivent être collectées avec le __________ de la personne. consentement
25%
Car il permet de vous ________. identifier
25%
Citez les 4 types d'innovations : de produit
22%
Achat depuis un ordinateur e-commerce
22%
Vrai ou Faux ? Le salarié qui créé un site web ou une base de donnée peut en céder les droits moraux à son patron. Faux, seuls les droits patrimoniaux peuvent être cédés à l'employeur.
22%
Un échange de biens/services contre de l'argent est un échange ... marchand
22%
Un échange de biens/services sans contrepartie monétaire est un échange ... non-marchand
22%
Collecter les données personnelles d'une personne pour se faire passer pour elle usurpation d'identité
22%
Top 3 de ce dernier en France Cdiscount
19%
Citez les 4 types d'innovations : de procédé
19%
Synonyme de la réponse précédente économie de partage
19%
Ils sont nés avec la tech les digital natives
19%
Le RGPD oblige les entreprises à informer sur : les données collectées
19%
Ils remplacent l'Homme dans certains emplois, sans pour autant faire augmenter le taux de chômage. les robots / les machines
19%
Achat depuis un mobile m-commerce
19%
Citez les 4 types d'innovations : organisationnelle
19%
Désigne l'apparition de plateformes numériques mettant directement en relation les prestataires et les clients, au détriment des modèles traditionnels ubérisation
19%
Le professionnel est dans l'obligation d'archiver les commandes de plus de ___€, pendant __ ans. 10
16%
Le droit de rétractation peut être exercé au plus tard __ jours après réception du produit 14
16%
La plateforme touche une ... sur les ventes commission
16%
Toute information concernant la vie privée d'un individu est une ... donnée personnelle
16%
Le ____ _'______ protège les créations originales. droit d'auteur
16%
Droit qui garantit à l'auteur de conserver un contrôle total sur son œuvre, à vie droit moral
16%
Changement socio-culturel ou les gens n'éprouvent plus besoin d’être propriétaire économie d'usage
16%
Désigne un effet selon lequel la valeur d'un bien ou d'un service augmente pour un utilisateur à mesure que le nombre d'autres utilisateurs de ce même bien ou service croît externalité de réseau
16%
Citez les nouveaux modèles économiques apparus avec le numérique : free to play
16%
Le premier a pour objectif : générer du profit
16%
Le premier donne un accès ______ à des services. gratuit
16%
Ses fonctions sont : la collecte de données
16%
Il est responsable en premier lieu le vendeur
16%
Celui-ci doit être ____ et ______. libre
16%
Le plus souvent, ce dernier est reçu par ... mail / courriel
16%
Celui-ci concerne quels pays membres de l'Union Européenne
16%
Le second propose une offre complète ______. payante
16%
Comment nommer un dossier pour que mon patron n'ai techniquement pas le droit de le consulter ? perso / personnel
16%
Citez les différents types de plateformes : plateforme d'audience / de contenu
16%
Citez les différents types de plateformes : plateforme d'échange
16%
Citez les différents types de plateformes : plateforme de financement
16%
Citez les différents types de plateformes : plateforme de travail
16%
Une petite fenêtre qui s'ouvre automatiquement sur le web est un pop-up
16%
Citez les deux niveaux de protection dans les entreprises. privacy by default
16%
Citez les deux niveaux de protection dans les entreprises. privacy by design
16%
Moyen d'authentification numérique qui permet de garantir l'identité de la personne signataire et l'intégrité d'un document signature électronique
16%
Ensemble organisé de ressources techniques, organisationnelles et humaines requises par le traitement des informations nécessaires a la stratégie et aux métiers de l’entreprise système d'information
16%
Achat par commande vocale v-commerce
16%
Citez les nouveaux modèles économiques apparus avec le numérique : yield management
16%
Ce principe oblige les entreprises à prouver qu'elles respectent les règles sur les données personnelles, et pas seulement à les appliquer. accountability / logique de responsabilité
13%
Le second a pour objectif : améliorer les technologies
13%
Désigne l'utilisation de technologies et de systèmes pour réaliser des tâches sans intervention humaine directe automatisation
13%
Plateforme qui met en relation les acheteurs ET les vendeurs, créant de la valeur par leur interactions bi-face
13%
2 fondements sur les quels on peut agir en justice, en cas de violation du droit d'auteur : concurrence déloyale
13%
2 fondements sur les quels on peut agir en justice, en cas de violation du droit d'auteur : contrefaçon / imitation
13%
Risques liés au SI cyberattaques
13%
Subvenir aux besoins des générations présentes sans compromettre ceux des générations futures développement durable
13%
Droit permettant à l'auteur de céder l'utilisation de son œuvre à une entreprise ou à un tiers droit patrimonial
13%
Celui-ci doit être ____ et ______. éclairé
13%
Citez les nouveaux modèles économiques apparus avec le numérique : freemium
13%
Il comprend ces 3 ressources : humaines
13%
Ses fonctions sont : la diffusion des informations
13%
Quels éléments constituent le patrimoine immatériel d'une entreprise ? le nom de domaine
13%
Le premier insinue que l'entreprise doit assurer __ ____ ____ niveau de protection. le plus haut
13%
Quels éléments constituent le patrimoine immatériel d'une entreprise ? les bases de données
13%
Quels éléments constituent le patrimoine immatériel d'une entreprise ? le site internet
13%
Quels éléments constituent le patrimoine immatériel d'une entreprise ? les logiciels
13%
Ses fonctions sont : le stockage des informations
13%
Le RGPD oblige les entreprises à informer sur : l'utilisation faite des données
13%
Il comprend ces 3 ressources : matérielles
13%
ou ... négatives
13%
Que signifie le "N" dans l'acronyme NTIC ? Nouvelles
13%
Il comprend ces 3 ressources : organisationnelles
13%
Celles-ci peuvent être ... positives
13%
Il a pour finalité d'aider à la _____ __ _______ dans l'entreprise. prise de décisions
13%
et __________ les organisations ne respectant pas le RGPD sanctionner
13%
Pratique malveillante consistant en l'utilisation d'un nom fortement similaire à un autre site, dans le but de détourner les internautes. typosquatting
13%
Le professionnel est dans l'obligation d'archiver les commandes de plus de ___€, pendant __ ans. 120
9%
Celui-ci comprend _ subdivisions. 2
9%
Le dernier a pour objectif accès aux nouveaux modes de communication
9%
Que signifie ATAWAD ? any time, any where, any device
9%
Seul aspect d'une base de donnée pouvant être protégé architecture / structure
9%
Pratique malveillante consistant en l'attaque d'un site web ou serveur en le saturant de requêtes. attaque DDoS
9%
Citez les axes d'amélioration des technologies du numérique : augmenter le stockage
9%
Système de mobilité collaborative où plusieurs utilisateurs partagent l'usage d'un véhicule autopartage
9%
Une entreprise peut réserver un nom de domaine auprès d'un .... bureau d'enregistrement
9%
Elle vise a sensibiliser le salarié aux bonnes utilisation du matériel informatique. Charte informatique
9%
L'économie d'usage appartient au domaine de l'économie ... circulaire
9%
Concernant les données personnelles du salarié, l'employeur peut : collecter des données nécessaires
9%
Citez les 4 types d'innovations : commerciale
9%
Désigne un internaute qui se renseigne sur un produit avant de l'acheter consommateur augmenté
9%
Risques liés au SI défaillances des logiciels de pilotage
9%
Citez les bouleversements liés au numérique : dématérialisation
9%
Un contrat de vente en ligne doit respecter cette procédure double clic
9%
Droit permettant à l'auteur de décider s'il souhaite dévoiler son œuvre au public ou la retirer droit de divulgation et de retrait
9%
Pour qu'un document ait une valeur juridique, il doit respecter la ... force probante / valeur probante
9%
Le droit moral est ... (👽🚫) inaliénable
9%
Ainsi il faut que les personnes soient _________ _________, et que document soit conservé dans son _________. intégrité
9%
L'utilisateur peut demander ... de ses données. la suppression
9%
Désigné auprès de la CNIL, il est chargé de s'assurer du respect du RGPD au sein de l'entreprise. le DPO
9%
Actifs immatériels de l'entreprise soumis aux droits d'auteurs : les logiciels
9%
Actifs immatériels de l'entreprise soumis aux droits d'auteurs : les sites web
9%
Ses fonctions sont : le traitement des informations
9%
Il est également possible de faire un dépôt de marque auprès de .... l'INPI
9%
Dans le cas d'un logiciel, l'entreprise bénéficie de la ________ _________ des droits patrimoniaux, à conditions qu'il ai été créé durant le _____ __ ______ et dans le cadre d'une ______. mission
9%
Citez 3 nouveaux modèles de consommation liés au numérique : modèle d'abonnement
9%
Citez 3 nouveaux modèles de consommation liés au numérique : modèle de location
9%
Différents niveaux décision : opérationnel (court terme)
9%
Fait pour un particulier de cocher la case autorisant les cookies opt-in
9%
Fait pour un professionnel de décocher cette même case opt-out
9%
Droit qui impose de citer l’auteur chaque fois que son œuvre est utilisée paternité
9%
Il rassemble les données des différents processus clés de l’entreprise dans une base de données unifiée et structurée Progiciel de Gestion Intégré (PGI)
9%
Pratique malveillante consistant à bloquer des données, récupérables contre de l'argent. ransomware / rançongiciels
9%
Celles-ci concernent principalement les ______. salariés
9%
Il a également le droit de _________ à leur utilisation. s'opposer
9%
Principe selon lequel chaque organisation ou unité se concentre sur une tâche ou une activité spécifique pour maximiser son efficacité spécialisation des entités
9%
Différents niveaux décision : stratégique (long terme)
9%
Le dernier module la _________ en fonction de la demande. tarification
9%
Cet autre type de cookies sont utile pour le ciblage publicitaire tiers / externes
9%
Le numérique produit des emplois faiblement qualifiés comme les ... travailleurs du clic
9%
Citez les axes d'amélioration des technologies du numérique : accélérer le traitement et la transmission des données
6%
Une fois la commande validée, l'acheteur reçois ceci accusé de réception
6%
La dynamique du changement repose sur l'________ collective pour atteindre des objectifs. En cas de manque d'implication des parties prenantes, des risques de ________ pourraient apparaître, amenant à des _______ dans l'atteinte des objectifs. Le ________ joue un rôle clé pour débloquer la situation et assurer une ________ entre les salariés. action
6%
Leader des prestations de services de cloud-computing, branche du leader mondial du e-commerce Amazon Web Services (AWS)
6%
Les conséquences du premier sont l'____des pratiques constitutives de cette pratique commerciale, et la __________ du jugement. arrêt
6%
Organisme étatique plus ou moins indépendant, possédant un pouvoir exécutif Autorité Administrative Indépendante (AAI)
6%
La dynamique du changement repose sur l'________ collective pour atteindre des objectifs. En cas de manque d'implication des parties prenantes, des risques de ________ pourraient apparaître, amenant à des _______ dans l'atteinte des objectifs. Le ________ joue un rôle clé pour débloquer la situation et assurer une ________ entre les salariés. blocages
6%
Top 3 de ce dernier en France Booking
6%
Service donnant accès à des ressources informatiques partagées cloud computing
6%
Si plusieurs personnes participent à la création d'une œuvre, ils en sont ... co-auteurs
6%
Citez les bouleversements liés au numérique : concurrence plus accrue
6%
Terme désignant un consommateur capable d'influencer la prise de décision des autres agents économiques consomacteur
6%
Le consommateur ne supporte que les _____ _____ de renvoi du produit, s'il ne sont pas pris en charge par le professionnel. coûts directs
6%
Un document signé électroniquement est ... crypté
6%
Pratique malveillante consistant à enregistrer des noms de domaine similaires à des marques ou entreprises célèbres dans l'intention de les revendre cybersquattage
6%
Il est recommandé d'obtenir la preuve de la ____ __ ______, auprès de l'Agence pour la protection des programmes par exemple. date de création
6%
Cette option permet à un utilisateur de se retirer d'une liste de diffusion. désabonnement
6%
Les conséquences du second sont la _______ des produits, et la cessation de cette appropriation. destruction
6%
Dans le cas d'un logiciel, l'entreprise bénéficie de la ________ _________ des droits patrimoniaux, à conditions qu'il ai été créé durant le _____ __ ______ et dans le cadre d'une ______. dévolution automatique
6%
Ainsi il faut que les personnes soient _________ _________, et que document soit conservé dans son _________. dûment identifiées
6%
Système économique où les biens et services sont échangés directement entre les parties, sans recours à une monnaie économie d'échange
6%
Ce business modèle contraint l'utilisateur à une plateforme, un réseau, ... écosystème
6%
Risques liés au SI erreur humaine
6%
Quels sont les risques principaux liés aux données personnelles collectées par les entreprises ? exploitation commerciale
6%
Quels sont les risques principaux liés aux données personnelles collectées par les entreprises ? exploitation frauduleuse
6%
Quels sont les risques principaux liés aux données personnelles collectées par les entreprises ? exploitation politique
6%
L'employeur peut encadrer l'utilisation du numérique pour : garantir la sécurité du réseau
6%
Le 1er permet une meilleure ... gestion
6%
Une donnée interprétée devient une ... information
6%
Ce type de cookies sert au bon fonctionnement du site internes
6%
Doivent êtres clairement identifiés : la date de réception
6%
Doivent êtres clairement identifiés : la date d'expédition
6%
L'utilisateur peut demander ... de ses données. la portabilité (transfert)
6%
Ses missions principales sont : la prévention
6%
Celui-ci doit être accrédité par .... l'Association Française pour le Nommage Internet en Coopération (AFNIC)
6%
Doivent êtres clairement identifiés : le destinataire
6%
Pour vendre un produit/service, le cybermarchand doit indiquer : les caractéristiques du produit/service
6%
Pour vendre un produit/service, le cybermarchand doit indiquer : les conditions, délais et modalités de rétractation
6%
Pour vendre un produit/service, le cybermarchand doit indiquer : les moyens de paiement acceptés
6%
Le RGPD oblige les entreprises à informer sur : les piratages subis
6%
Elle permet d'envoyer des documents avec accusé de réception, tout en étant dématérialisée et légalement reconnue Lettre Recommandée Électronique (LRE)
6%
Doivent êtres clairement identifiés : l'expéditeur
6%
La dynamique du changement repose sur l'________ collective pour atteindre des objectifs. En cas de manque d'implication des parties prenantes, des risques de ________ pourraient apparaître, amenant à des _______ dans l'atteinte des objectifs. Le ________ joue un rôle clé pour débloquer la situation et assurer une ________ entre les salariés. manager
6%
Le second désigne les ______ _________ de sécurisation des données. mesures préventives
6%
ou prononçer une ____ __ _______. mise en demeure
6%
Citez 3 nouveaux modèles de consommation liés au numérique : modèle de l'achat/vente d'occasion
6%
De plus en plus d’entreprises partagent leurs données (open data) pour stimuler l’innovation : c'est la logique de __________. mutualisation
6%
Pratique consistant à concevoir un produit de manière à ce qu'il devienne délibérément inutilisable ou moins performant après un certain temps obsolescence programmée
6%
Cette organisation permet à des entreprises juridiquement distinctes de travailler en collaboration autour d’un projet commun organisation en réseau
6%
À condition que celle-ci soit ... originale
6%
Conséquences et coûts d'une cyberattaque paiement d'une rançon
6%
Une amande est une sanction dite pécuniaire
6%
Logiciel espion qui infiltre les smartphones pour surveiller ses cibles sans laisser de trace PEGASUS
6%
Votre numéro de téléphone est une donnée __________ ______. personnelle directe
6%
Vos préférences d'achat sont une donnée _________ _______. personnelle indirecte
6%
Conséquences et coûts d'une cyberattaque perte de CA
6%
Conséquences et coûts d'une cyberattaque perte de valeur en bourse
6%
Pratique malveillante visant à usurper l’identité d'une entreprise, pour obtenir les identifiants d'un utilisateur. phishing / hameçonnage
6%
Elle peut notamment répondre aux ______ des citoyens plaintes
6%
Ces types de produits ne sont pas remboursables produits personnalisés
6%
Ce dernier désigne l’ensemble des partenaire digitaux sur lesquels s’appuie l’entreprise en utilisant leurs ressources sans en être _____. propriétaire
6%
Les conséquences du premier sont l'____des pratiques constitutives de cette pratique commerciale, et la __________ du jugement. publication
6%
Ces entreprises partagent ainsi leurs ... qualifications
6%
Droit interdisant la modification ou déformation d'une œuvre sans l'accord de son auteur respect de l'oeuvre
6%
Risques liés au SI risques sociaux
6%
Qui a définit ce dernier ? Robert Reix
6%
Concernant les données personnelles du salarié, l'employeur doit : sécuriser les données
6%
Une preuve loyale est obtenue sans ... stratagème
6%
Droit permettant au créateur de faire sanctionner le pillage du contenu de sa base de donnée sui generis
6%
La dynamique du changement repose sur l'________ collective pour atteindre des objectifs. En cas de manque d'implication des parties prenantes, des risques de ________ pourraient apparaître, amenant à des _______ dans l'atteinte des objectifs. Le ________ joue un rôle clé pour débloquer la situation et assurer une ________ entre les salariés. symbiose
6%
Différents niveaux décision : tactique (moyen terme)
6%
Dans le cas d'un logiciel, l'entreprise bénéficie de la ________ _________ des droits patrimoniaux, à conditions qu'il ai été créé durant le _____ __ ______ et dans le cadre d'une ______. temps de travail
6%
Citez les bouleversements liés au numérique : accélération de l’accès à l’information
3%
Citez les bouleversements liés au numérique : accélération des cycles d'innovation
3%
L'employeur peut encadrer l'utilisation du numérique pour : assurer que les employés remplissent leur mission
3%
Raisons du retard en terme de digitalisation de la France : barrières générationnelles
3%
Raisons du retard en terme de digitalisation de la France : coûts importants (matériel, formation, ...)
3%
Pour avoir une valeur probante, l'archivage doit garantir l'intégrité des documents, mais aussi leurs : disponibilité
3%
Ce règlement permet la reconnaissance mutuelle des signatures électroniques entre États membres de l'UE eIDAS
3%
Il est la traduction de l'anglais ... Enterprise Resource Training (ERP)
3%
Conséquences et coûts d'une cyberattaque frais d’enquête administrative
3%
Clauses spécifiques aux contrats de prestations de services numériques indexation
3%
Processus visant à coordonner et harmoniser différentes unités ou organisations pour fonctionner comme un tout cohérent intégration des entités
3%
Qui a écrit la “Troisième révolution industrielle” Jeremy Rifkin
3%
L'utilisateur peut demander ... de ses données. la copie
3%
Ses missions principales sont : la curation
3%
L'utilisateur peut demander ... de ses données. la rectification
3%
Le RGPD oblige les entreprises à informer sur : le temps de conservation des données
3%
Raisons du retard en terme de digitalisation de la France : manque d'informations relatives au potentiel de croissance
3%
Ces types de produits ne sont pas remboursables places d'événements
3%
Conséquences et coûts d'une cyberattaque plaintes des salariés/clients
3%
Pour avoir une valeur probante, l'archivage doit garantir l'intégrité des documents, mais aussi leurs : re-lisibilité
3%
La dynamique du changement repose sur l'________ collective pour atteindre des objectifs. En cas de manque d'implication des parties prenantes, des risques de ________ pourraient apparaître, amenant à des _______ dans l'atteinte des objectifs. Le ________ joue un rôle clé pour débloquer la situation et assurer une ________ entre les salariés. résistance
3%
Concernant les données personnelles du salarié, l'employeur doit : respecter les droits des salariés (rectification, suppression
3%
Clauses spécifiques aux contrats de prestations de services numériques réversibilité
3%
Pour vendre un produit/service, le cybermarchand doit indiquer : ses coordonnés
3%
Conséquences et coûts d'une cyberattaque actions en justice
0%
Conditions de validité d'une preuve : but légitime
0%
Clauses spécifiques aux contrats de prestations de services numériques contenus des base de données
0%
Conséquences et coûts d'une cyberattaque dédommagement des victimes
0%
Clauses spécifiques aux contrats de prestations de services numériques droits d'auteurs
0%
Raisons du retard en terme de digitalisation de la France : manque de compétences numériques
0%
Conditions de validité d'une preuve : moyen adéquat
0%
Conditions de validité d'une preuve : moyen nécessaire
0%
Clauses spécifiques aux contrats de prestations de services numériques obligation de secret / de confidentialité
0%
Aucun quiz correspondant
Distribution des résultats
% des personnes avec chaque résultat
Percentile par nombre de réponses
Votre historique - résultats
Vous n’avez pas pris ce quiz